Kamouraska de mémoire

Guardado en:
書目詳細資料
主要作者: Michand, Jos-Phydime
格式: 圖書
語言:French
出版: París, Francia Francois Maspero 1983
主題:
標簽: 添加標簽
沒有標簽, 成為第一個標記此記錄!

MARC

LEADER 00000nam a2200000Ia 4500
008 170316s9999 xx 000 0 fre d
040 |a cru BVZT 
090 |a 818 M-19k 
100 |a Michand, Jos-Phydime 
245 |a Kamouraska de mémoire 
260 |a París, Francia 
260 |b Francois Maspero 
260 |c 1983 
300 |a 267 páginas 
650 |a LITERATURA CANADIENSE 
999 |c 6562  |d 6562 
942 |c 15 D  |h 818 M-19k  |2 z